000 00871nam a22002297a 4500
005 20090629140855.0
008 090629t xxu||||| |||| 00| 0 eng d
010 _aENG-94290
020 _a9788178001760
_c200.00
035 _aEN-77823
037 _bDBAD / PUB
040 _adpl
_bEnglish
082 _a604.2
100 _aReddy, K. Venkata
245 _aTextbook of engineering drawing:
_b(as per BIS:SP46:2003) /
_cby K. Venkata Reddy
250 _a3rd enl. ed.
260 _aHyderabad
_bBS Publications
_c2009
270 _a4-4-309, Giriraj Lane, Sultan Bazar,
_bHyderabad
_e500095
300 _axviii, 459p.:
_bill.
_c25cm(pbk)
942 _2ddc
_cEN
_mRED
_h604.2
999 _c27953
_d27953